000 00625cam a2200193 4500500
005 20260329010132.0
041 _afre
042 _adc
100 1 0 _aOrtoli, Sven
_eauthor
245 0 0 _aGeorges Vigarello : le droit au sommeil
260 _c2023.
500 _a49
690 _aFatigue
690 _aGeorges Vigarello
690 _aSociété de la fatigue
690 _aSommeil
786 0 _nPhilosophie magazine - Hors séries | Hors série - Hiver 2023 | HS56 | 2023-01-01 | p. 9-9 | 2104-9246
856 4 1 _uhttps://shs.cairn.info/magazine-philosophie-magazine-2023-12-page-9?lang=fr&redirect-ssocas=7080
999 _c1849772
_d1849772